Statistics for McDonald's By Country

Click here to take the quiz!

General Stats

  • This quiz has been taken 96 times
  • The average score is 9 of 11

Answer Stats

Answer% Correct
Japan
99%
United States
99%
China
98%
South Korea
90%
Canada
87%
Russia
87%
United Kingdom
83%
Thailand
73%
Singapore
60%
Israel
56%
Brazil
37%

Score Distribution

Percentile by Number Answered

Percent of People with Each Score

Your Score History

You have not taken this quiz